| 000 | 00634nam a2200193Ia 4500 | ||
|---|---|---|---|
| 008 | 190412s9999 xx 000 0 und d | ||
| 100 | _aStine Lomborg, Nanna Bonde Thylstrup, & Julie Schwartz | ||
| 245 | 4 | _aThe temporal flows of self-tracking: Checking in, moving on, staying hooked / | |
| 245 | _cStine Lomborg, Nanna Bonde Thylstrup, & Julie Schwartz | ||
| 260 | _bSage | ||
| 260 | _c2018 | ||
| 300 | _apages 4590-4607, December 2018 | ||
| 440 |
_aNew Media & Society _v20 (12) |
||
| 650 | _aFeedback Loops | ||
| 650 | _aMeaning-Making | ||
| 650 | _aMEDIA & SOCIETY | ||
| 650 | _aRecord Keeping | ||
| 942 |
_2lcc _cSE |
||
| 999 |
_c361405 _d361405 |
||